000 00338nam a2200097Ia 4500
008 220120s9999||||xx |||||||||||||| ||und||
100 _aAnitha Vijayan, M
_912142
245 0 _aRemote controle of frequency synthesizer for radar operation
260 _aCoorg Institute of Technology
_bPonnampet
_c2008
650 _aELECTRONICS AND COMMUNICATIONS
999 _c137727
_d137727